Les plus grandes villes de vendée - Statistiques

Statistiques générales
  • Ce quiz a été pris 183 fois
  • Le résultat moyen est 10 sur 20
Statistiques - réponses
Population Réponse % Correct
55 000 La Roche-sur-Yon
98%
49 000 Les sables-d'Olonne
97%
23 000 Challans
82%
17 000 Les Herbiers
82%
14 000 Fontenay-le-Comte
71%
21 000 Montaigu-Vendée
70%
9 000 Luçon
61%
8 000 Saint-Gilles-Croix-de-Vie
60%
9 000 Saint-Jean-de-Monts
52%
10 000 Aizenay
47%
9 000 Chantonnay
45%
13 000 Saint-Hilaire-de-Riez
40%
9 000 Le Poiré-sur-Vie
33%
8 000 Talmont-Saint-Hilaire
32%
7 000 Essarts-en-Bocage
26%
6 000 Bellevigny
20%
6 000 Mortagne-sur-Sèvre
19%
6 000 Sèvremont
10%
7 000 Aubigny-Les Clouzeaux
7%
6 000 Cugand-la-Bernardière
6%
Aucun quiz correspondant
Distribution des résultats
% des personnes avec chaque résultat
Percentile par nombre de réponses
Votre historique - résultats
Vous n’avez pas pris ce quiz